Countries That Begin With A 'M' - Statistics

General Stats
  • This quiz has been taken 196 times
    189 since last reset
  • The average score is 13 of 19
Answer Stats
Answer % Correct
Mali
85%
Macedonia
81%
Moldova
80%
Monaco
80%
Madagascar
77%
Malta
76%
Mexico
76%
Mauritania
75%
Montenegro
75%
Morocco
75%
Malawi
73%
Mauritius
73%
Maldives
70%
Mozambique
67%
Mongolia
64%
Malaysia
59%
Marshall Islands
56%
Myanmar
48%
Micronesia, Federated States Of
46%
No matching quizzes found
Score Distribution
Percent of People with Each Score
Percentile by Number Answered
Your Score History
You have not taken this quiz since the last reset